Porovnanie rodinného podnikania Slovenska a Nemecka bakalárska práca

Na minha lista:
Detalhes bibliográficos
Autor principal: Žitňanová, Andrea
Autor Corporativo: Obchodná fakulta EU. Katedra služieb a cestovného ruchu - zrušené
Outros Autores: Krošláková, Monika, 1975-
Formato: Livro
Idioma:eslovaco
Publicado em: Bratislava 2017
Tags: Adicionar Tag
Sem tags, seja o primeiro a adicionar uma tag!

MARC

LEADER 00000nbm a2200000 4500
001 0232676
005 20170807103436.5
041 0 |a slo 
044 |a SK 
245 1 0 |a Porovnanie rodinného podnikania Slovenska a Nemecka  |b bakalárska práca  |c Andrea Žitňanová ; školiteľ: Monika Krošláková 
264 1 |a Bratislava  |c 2017 
300 |a 52 s. 
100 1 |a Žitňanová, Andrea 
700 1 |a Krošláková, Monika, 1975- 
710 2 |a Obchodná fakulta EU. Katedra služieb a cestovného ruchu - zrušené